000 01095nam a2200241Ia 4500
999 _c52914
_d52914
001 19944
003 GE_BSU
005 20200517234143.0
008 181216s1967||||ge |||||||||||||| ||geo||
040 _cGE_BSU
041 _ageo
080 _a81(479.22)(092) ძ-63
100 _aძიძიგური, შოთა
_98077
245 _aგიორგი ახვლედიანი :
_bმონოგრაფია /
_cშოთა ძიძიგური.
264 _aთბილისი :
_bთბილ. უნ-ტის გამ-ბა,
_c1967.
300 _a71 გვ. :
_b7 ფ. ილ. და პორტრ. ;
_c 21 სმ.
504 _aახვლედიანის უმთავრესი შრომების ბიბლიოგრაფია : გვ. 65-70.
541 _h3ლ.
653 _aგიორგი ახვლედიანი
653 _aქართველი ენათმეცნიერები
653 _aენათმეცნიერება - ბიბლიოგრაფია
942 _cBK
_2udc